Vista normal
Vista MARC
Entrada Topical Term
Número de registros utilizados en: 4
001 - CONTROL NUMBER
- control field: 41
003 - CONTROL NUMBER IDENTIFIER
- control field: OSt
005 - DATE AND TIME OF LATEST TRANSACTION
- control field: 20230111200407.0
008 - FIXED-LENGTH DATA ELEMENTS
- fixed length control field: 230111|| aca||aabn | a|a d
040 ## - CATALOGING SOURCE
- Original cataloging agency: OSt
- Transcribing agency: OSt
150 ## - HEADING--TOPICAL TERM
- Topical term or geographic name entry element: Viviendas condiciones sanitarias
670 ## - SOURCE DATA FOUND
- Source citation: Work cat.: (OSt)4217: Haan, Enno R. 38, Guía de plomería doméstica